| 000 | 00559nam a22001817a 4500 | ||
|---|---|---|---|
| 005 | 20251108171134.0 | ||
| 008 | 250721s1995 xx 000 0 ara d | ||
| 082 | 1 | 4 | _a226/بنت |
| 100 | 1 | _aبنتلي، جيمس | |
| 245 | 1 | 0 | _aإكتشاف الكتاب المقدس قيامة المسيح في سيناء / |
| 264 | 1 |
_aالقاهرة : _bسينا للنشر، _c1995. |
|
| 300 | _a197ص | ||
| 650 | 1 | 7 | _aالأناجيل |
| 650 | 1 | 7 | _aالتوراة |
| 700 | 1 |
_aالطريحي، آسيا محمد _eترجمة |
|
| 942 |
_2ddc _cBK |
||
| 999 |
_c57594 _d57594 |
||